000 00592nam a22002057a 4500
003 OSt
005 20240618100729.0
008 240618b |||||||| |||| 00| 0 eng d
020 _a9780521532839
040 _cmust
082 _a523.1 JAS 2008
100 _aJastrow,Robert
_917420
245 _aOrigins of life in the universe/
_cRobert Jastrow and Michael Rampino
260 _aUnited Kingdom:
_bCambridge University Press;
_cc2008.
300 _axiii,395p.:
_bcol.ill;
_c24cm.
504 _aIncludes Index
600 _2Earth
700 _aRampino,Michael
_917421
942 _2ddc
_cO_SHELF
999 _c8592
_d8592